Texas Interstates Map Quiz - Statistics

General Stats
  • This quiz has been taken 57 times
  • The average score is 16 of 25
Answers on the Map
Answers color-coded by a green-red scale on the quiz's map according to % correct below.
 
Answer Stats
Answer % Correct
I-35
79%
I-35E
79%
I-10
76%
I-30
76%
I-20
70%
I-35W
70%
I-40
70%
I-45
70%
I-2
67%
I-69
67%
I-820
67%
I-610
64%
I-110
61%
I-37
61%
I-14
58%
I-27
58%
I-635
58%
I-169
55%
I-345
55%
I-410
55%
I-69C
55%
I-69E
55%
I-69W
55%
I-369
52%
I-44
52%
No matching quizzes found
Score Distribution
Percent of People with Each Score
Percentile by Number Answered
Your Score History
You have not taken this quiz